| 000 | 05216cam a22018374i 4500 | ||
|---|---|---|---|
| 003 | PE-LiUPU | ||
| 005 | 20250813165544.0 | ||
| 008 | 190807s2018 sp a rb 001 0 spa d | ||
| 020 | _a8491132082 | ||
| 020 | _a9788491132080 | ||
| 035 | _a(Sirsi) a252415 | ||
| 040 |
_aPE-LiUPU _bspa _cPE-LiUPU _erda |
||
| 049 | _aPRUA | ||
| 082 | 0 | 4 |
_a616.025 _bM3 _220 |
| 245 | 0 | 0 |
_aMedicina de urgencias y emergencias : _bguía diagnóstica y protocolos de actuación / _ceditores, Luís Jiménez Murillo, F.Javier Montero Pérez. |
| 250 | _a6a edición. | ||
| 264 | 1 |
_aBarcelona : _bElsevier, _c[2018]. |
|
| 300 |
_axxvii, 1088 páginas : _bilustraciones ; _c28 centímetros |
||
| 336 |
_atext _2rdacontent |
||
| 337 |
_aunmediated _2rdamedia |
||
| 338 |
_avolume _2rdacarrier |
||
| 504 | _aBibliografía al final de cada capítulo. | ||
| 504 | _aÍndice: páginas 1075-1088. | ||
| 505 | 0 | _aSección I. Soporte vital -- Sección II. Exploraciones complementarias en medicina de urgencias -- Sección III. Urgencias cardiovasculares -- Sección IV. Urgencias del aparato respiratorio -- Sección V. Urgencias del aparato digestivo -- Sección VI. Urgencias neurológicas -- Sección VII. Urgencias endocrinometabólicas -- Sección VIII. Urgencias nefrourológicas -- Sección IX. Infecciones en medicina de urgencias -- Sección X. Urgencias reumatológicas -- Sección XI. Urgencias oncológicas -- Sección XII. Urgencias hematológicas -- Sección XIII. Intoxicaciones agudas y envenenamientos -- Sección XIV. Urgencias derivadas del uso indebido de alcoholm -- Sección XV. Urgencias por agentes físicos y químicos -- Sección XVI. Urgencias otorrinolaringológicas -- Sección XVII. Urgencias oftalmológicas no traumáticas -- Sección XVIII. Urgencias maxilofaciales no traumáticas -- Sección XIX. Urgencias traumatológicas -- Sección XX. Urgencias dermatológicas -- Sección XXI. Urgencias pediátricas -- Sección XXII. Urgencias obstétricas y ginecológicas -- Sección XXIII. Miscelánea. | |
| 526 | _aP203 | ||
| 526 | _aP200 | ||
| 526 | _aSEG65 | ||
| 526 | _aSEG64 | ||
| 526 | _aSEG63 | ||
| 526 | _aSEG62 | ||
| 526 | _aSEG61 | ||
| 526 | _aSEG60 | ||
| 526 | _aSEG59 | ||
| 526 | _aSEG58 | ||
| 526 | _aSEG57 | ||
| 526 | _aSEG56 | ||
| 526 | _aSEG55 | ||
| 526 | _aSEG54 | ||
| 526 | _aSEG53 | ||
| 526 | _aSEG52 | ||
| 526 | _aSEG51 | ||
| 526 | _aSEG50 | ||
| 526 | _aSEG49 | ||
| 526 | _aSEG48 | ||
| 526 | _aSEG47 | ||
| 526 | _aSEG46 | ||
| 526 | _aSEG24 | ||
| 526 | _aSEG23 | ||
| 526 | _aSEG22 | ||
| 526 | _aSEG21 | ||
| 526 | _aSEG20 | ||
| 526 | _aSEG19 | ||
| 526 | _aSEG18 | ||
| 526 | _aSEG17 | ||
| 526 | _aSEG16 | ||
| 526 | _aSEG14 | ||
| 526 | _aSEG13 | ||
| 526 | _aSEG12 | ||
| 526 | _aSEG11 | ||
| 526 | _aSEG10 | ||
| 526 | _aSEG09 | ||
| 526 | _aSEG06 | ||
| 526 | _aSEG05 | ||
| 526 | _aSEG04 | ||
| 526 | _aSEG03 | ||
| 526 | _aSEG02 | ||
| 526 | _aSEG68 | ||
| 526 | _aSEG66 | ||
| 526 | _aSEG45 | ||
| 526 | _aSEG25 | ||
| 526 | _aSEG01 | ||
| 526 | _aP163 | ||
| 526 | _aP162 | ||
| 526 | _aP161 | ||
| 526 | _aP160 | ||
| 526 | _aP159 | ||
| 526 | _aP158 | ||
| 526 | _aP157 | ||
| 526 | _aP156 | ||
| 526 | _aP155 | ||
| 526 | _aP154 | ||
| 526 | _aP153 | ||
| 526 | _aP152 | ||
| 526 | _aP151 | ||
| 526 | _aP150 | ||
| 526 | _aP149 | ||
| 526 | _aP142 | ||
| 526 | _aP141 | ||
| 526 | _aP140 | ||
| 526 | _aP139 | ||
| 526 | _aP138 | ||
| 526 | _aP137 | ||
| 526 | _aP132 | ||
| 526 | _aP131 | ||
| 526 | _aP130 | ||
| 526 | _aP126 | ||
| 526 | _aP125 | ||
| 526 | _aP124 | ||
| 526 | _aP123 | ||
| 526 | _aP115 | ||
| 526 | _aP122 | ||
| 526 | _aP121 | ||
| 526 | _aP116 | ||
| 526 | _a P114 | ||
| 526 | _aP112 | ||
| 526 | _aP111 | ||
| 526 | _aP104 | ||
| 526 | _aP103 | ||
| 526 | _aP102 | ||
| 526 | _aP101 | ||
| 526 | _aP100 | ||
| 526 | _aP96 | ||
| 526 | _aP95 | ||
| 526 | _aP93 | ||
| 526 | _aP92 | ||
| 526 | _aP91 | ||
| 526 | _aP88 | ||
| 526 | _aP83 | ||
| 526 | _aP82 | ||
| 526 | _aP79 | ||
| 526 | _aP78 | ||
| 526 | _aP75 | ||
| 526 | _aP74 | ||
| 526 | _aP71 | ||
| 526 | _aP69 | ||
| 526 | _a P51 | ||
| 526 | _aP49 | ||
| 526 | _aP48 | ||
| 526 | _aP47 | ||
| 526 | _aP33 | ||
| 526 | _aP31 | ||
| 526 | _a P30 | ||
| 526 | _aP29 | ||
| 526 | _aP27 | ||
| 526 | _aP26 | ||
| 526 | _aP25 | ||
| 526 | _aP24 | ||
| 526 | _a P22 | ||
| 526 | _aP10 | ||
| 526 | _aP09 | ||
| 526 | _a P08 | ||
| 526 | _aP06 | ||
| 526 | _aP05 | ||
| 526 | _aP04 | ||
| 526 | _aP01 | ||
| 541 | _gE001-7; | ||
| 650 | 0 | 4 | _aMedicina de urgencias. |
| 650 | 0 | 4 | _aUrgencia médicas. |
| 700 | 1 |
_aJiménez Murillo, Luis, _eeditor. |
|
| 700 | 1 |
_aMontero Pérez, F. Javier, _eeditor. |
|
| 910 |
_abgr _bjpc _cjpc _d20190807 |
||
| 942 |
_2ddc _cBOOK |
||
| 994 |
_aC0 _bPEPRU |
||
| 596 | _a1 | ||
| 999 |
_a616.025 M3 _wDEWEY _c31641 _i80433 _d31641 _e2019-9-6 _f2021-11-4 _g3 _lCCODEBUL1 _mBUL _n1 _p140.00 _q3 _r0 _sY _tBOOK _u2019-8-7 _xSALUD _PP22 _0COMPRA _1FCOMPR3 _o.STAFF. Colección Ciencias de la Salud |
||
| 980 |
_81 _gALBERTO SANCHEZ Responsable de Automatización |
||